LEADER 01250nam a2200325 u 4500 001 000000048414 003 CaOOAMICUS 005 20070226115009.0 008 000503s1989 ne u000 u eng u 020 $a9004089314 035 $a10846706 040 $aIPA$bita 245 00$aJosephus, the Bible, and history /$cedited by Louis H. Feldman and Gohei Hata. 260 $aLeiden :$bBrill,$c1989. 300 $a473 p. ;$c24 cm 500 $aComprende riferimenti bibliografici e indice. 600 04$aIosephus, Flavius,$dsec. I.$0(OLS)http://pul/subject/8106 700 1 $aFeldman, Louis H.,$d1951-$0(OLS)http://pul/name/15986 700 1 $aHata, Gohei.$0(OLS)http://pul/name/12511 850 $aPUL 852 $aPUL$W1$xDP2 Religione 1$y63$m66 M 15$j64514$nBK-PRI$qStampati$B64514$CPULBib$Z2$F64514 $82 941 1 $a8 960 $aJosephus, Flavius,$dsec. I$98106 960 $aGiuseppe, Flavio,$csec. I$98106 960 $aFlavio Giuseppe,$dsec. I$98106 960 $aFlavius Josephus,$dsec. I$98106 961 $aINV: 75354 996 $6020$a9004089314$9(OLS)http://pul/number/60857 996 $6245$aJosephus, the Bible, and history$9(OLS)http://pul/title/65199 996 $6260$aLeiden :$bBrill$9(OLS)http://pul/publisher/47956 LEADER 01281nam a2200301 u 4500 001 000000005481 003 CaOOAMICUS 005 20070226104751.0 008 941103s1975 it u000 u ita u 035 $a10141962 040 $aPUL(R)$bita$dPUL(R) 100 1 $aGiannini, Giorgio,$d1913-1996.$0(OLS)http://pul/name/5586 245 10$aAspetti del tomismo /$cGiorgio Giannini. 260 $aRoma :$bPontificia Università Lateranense :$bCittà Nuova,$c1975. 300 $a265 p. ;$c21 cm 490 1 $aCollana di filosofia ;$v5 504 $aBibliografia a piè pagina. 600 04$aThomas Aquinas,$cs.,$dc. 1225-1274.$0(OLS)http://pul/subject/448 830 0$aCollana di filosofia (Città nuova) ;$v5.$0(OLS)http://pul/title/497 850 $aPUL 852 $aPUL$W1$xDP1 Fondo Giannini$y60$m1562 E 18$j7683$nBK-PRI$qFondi$B7683$CPULBib$Z2$F7683 $82 852 $aPUL$W1$xSL Filosofia 1$y2$m92 L 5$j7684$nBK-PRI$b $qStampati$B7684$CPULBib$Z2$F7684 $81 941 1 $a1 960 $aTommaso d'Aquino,$cs.,$d1225-1274$9448 961 $aINV: Fondo Giannini 961 $aINV: 52445 996 $6245$aAspetti del tomismo$9(OLS)http://pul/title/8026 996 $6260$aRoma :$bPontificia Università Lateranense :$bCittà Nuova$9(OLS)http://pul/publisher/48071